| 000 | 00569nam a22001817a 4500 | ||
|---|---|---|---|
| 005 | 20251108163334.0 | ||
| 008 | 250721s2010 xx 000 0 ara d | ||
| 082 | 1 | 4 | _a956.541/طرا |
| 100 | 1 | _aالطراونة، محمد سالم | |
| 245 | 1 | 0 | _aالحياة الاجتماعية في لواء الكرك 1311-1337ه /1893-1918م / |
| 264 | 1 |
_aعمان : _bوزارة الثقافة، _c2010. |
|
| 300 | _a301ص. | ||
| 650 | 1 | 7 | _aتالريخ الاردن |
| 650 | 1 | 7 | _aالحياة الاجتماعية |
| 653 | _aالكرك | ||
| 942 |
_2ddc _cBK |
||
| 999 |
_c189 _d189 |
||